000 00672nam a2200265Ia 4500
005 20260121171108.0
008 008 260114s9999 xx 000 0 eng d
020 _a9789811367946
037 _aEBOOK
040 _aCRL
040 _beng
040 _cCRL
041 _2eng
041 _aeng
084 _qCRL
100 _aM. Arif Wani, Farooq Ahmad Bhat, Saduf Afzal, Asif Iqbal Khan
_91071963
245 0 _aAdvances in Deep Learning
260 _bSpringer
260 _bSpringer
260 _c2020
856 _uhttps://link.springer.com/openurl?genre=book&isbn=978-981-13-6794-6
942 _cEBOOK
999 _c1637693
_d1637693